| 000 | 00602nam a22001937a 4500 | ||
|---|---|---|---|
| 005 | 20130605125838.0 | ||
| 010 | _aENG-107399 | ||
| 020 |
_a9789381632574 _c700.00 |
||
| 035 | _aEN-90932 | ||
| 037 | _bDBAD/PUB | ||
| 082 | _a332.110954 | ||
| 100 | _a Ajay Kumar | ||
| 245 |
_aThe direction of central loans to state / _cby Ajay kumar |
||
| 260 |
_aNew Delhi _bSatyam Publishing House _c2013 |
||
| 270 |
_aN-3/25, Mohan Garden, Uttam Nagar _bNew Delhi _e110059 |
||
| 300 |
_aix,305p. _c23cm(Hb) |
||
| 500 | _aIncludes bibliographical references | ||
| 942 |
_2ddc _cEN _mAJA _h332.110954 |
||
| 999 |
_c76136 _d76136 |
||